Ефективність способів контролювання забур'яненості посівів цукрових буряків научное издание

Sábháilte in:
Sonraí bibleagrafaíochta
Rannpháirtithe: Ермантраут, Е.Р (автор), Умрихін, Н.Л
Formáid: SerialComponentPart
Teanga:d
Ábhair:
Clibeanna: Cuir clib leis
Níl clibeanna ann, Bí ar an gcéad duine le clib a chur leis an taifead seo!

MARC

LEADER 00000nab a2200000 i 4500
001 in00000000703
005 20251126075703.2
002 633.63:632/Е 72-639773
008 080130u9999unr ukr d
035 |a ( UA-KiNSAL)633.63:632/Е 72-639773 
040 |a UA-KiNSAL  |b ukr  |c UA-KiNSAL 
080 |a 633.63:632 
090 |a 633.63:632  |b Е 72 
100 1 |a Ермантраут, Е.Р.,   |e автор. 
245 1 0 |a Ефективність способів контролювання забур'яненості посівів цукрових буряків :   |b научное издание /   |c Е. Р. Ермантраут, Н. Л. Умрихін 
504 |a Бібліогр. в кінці ст. 
530 |a Original record   |u https://kubg.libs.net.ua/kubg_recs/0000020096.txt 
650 0 4 |a Рослинництво 
700 1 |a Умрихін, Н.Л.  |e автор 
773 0 |t Цукрові буряки  |d К..- 2007. - №3.  |g 2007. - №3., С. 13-15. 
942 |2 UDC  |c ARTICLE 
952 |b книга  |z 20080204  |i Цукрові буряки  |j 633.63:632/Е 72-639773  |o 633.63:632 Е 72  |c 1 
920 |a ASP 
961 |a 691 
991 0 0 |a 633.63:632/Е 72-639773 
997 |a 0000020096 
998 |a 20096 
999 f f |i 89861db8-c494-428e-bf2c-f0cdca136f4e  |s c7918062-bbcf-434f-afa8-e34472469156  |t 0